Guatemala: las líneas de su mano /

保存先:
書誌詳細
共著者: CEESTEM, Instituto de Investigaciones Estéticas
フォーマット: 不明
出版事項: México D.F.: CEESTEM
主題:
タグ: タグ追加
タグなし, このレコードへの初めてのタグを付けませんか!

MARC

LEADER 00000 a2200000 04500
001 14945
003
008 991231s d
040
090 |a 017707  
110 |a CEESTEM  
245 |a Guatemala: las líneas de su mano /  |c CEESTEM  
260 |a México D.F.:   |b CEESTEM  
300 |a 171 p.  
650 |a DICTADURA  
710 |a  Instituto de Investigaciones Estéticas  
999 |c 15171  |d 15171